书目信息 |
| 题名: |
土木工程概论
|
|
| 作者: | 胡长明 , 白茂瑞 主编 | |
| 分册: | ||
| 出版信息: | 北京 冶金工业出版社 2009.09 |
|
| 页数: | 227页 | |
| 开本: | 26cm | |
| 丛书名: | ||
| 单 册: | ||
| 中图分类: | TU | |
| 科图分类: | ||
| 主题词: | 土木工程--高等学校--教材 | |
| 电子资源: | ||
| ISBN: | 978-7-5024-4992-6 | |
| 000 | 00918nam0 2200277 450 | |
| 001 | 012010610890 | |
| 005 | 20100610175257.62 | |
| 009 | 012004377798 | |
| 010 | @a978-7-5024-4992-6@dCNY32.00 | |
| 100 | @a20100515d2009 em y0chiy0110 ea | |
| 101 | 0 | @achi |
| 102 | @aCN@b110000 | |
| 105 | @aa a 000yy | |
| 200 | 1 | @a土木工程概论@Atu mu gong cheng gai lun@f胡长明,白茂瑞主编 |
| 205 | @a第2版 | |
| 210 | @a北京@c冶金工业出版社@d2009.09 | |
| 215 | @a227页@c图@d26cm | |
| 300 | @a高等学校教学用书 | |
| 320 | @a有书目 (第227页) | |
| 330 | @a本书主要介绍建造各类工程项目的工程技术,主要内容包括:勘察与“风水”、土木工程材料、房屋建筑工程、公路工程、城市道路工程、铁路工程、桥梁工程、隧道及地下空间的开发与利用等。 | |
| 606 | 0 | @a土木工程@x高等学校@j教材 |
| 690 | @aTU@v4 | |
| 701 | 0 | @a胡长明@Ahu chang ming@4主编 |
| 701 | 0 | @a白茂瑞@Abai mao rui@4主编 |
| 801 | 0 | @aCN@c20100515 |
| 905 | @dTU@eH454=2@f3 | |
| 土木工程概论/胡长明,白茂瑞主编.-第2版.-北京:冶金工业出版社,2009.09 |
| 227页:图;26cm |
| 高等学校教学用书 |
| ISBN 978-7-5024-4992-6:CNY32.00 |
| 本书主要介绍建造各类工程项目的工程技术,主要内容包括:勘察与“风水”、土木工程材料、房屋建筑工程、公路工程、城市道路工程、铁路工程、桥梁工程、隧道及地下空间的开发与利用等。 |
| ● |
| 相关链接 |
|
|
|
正题名:土木工程概论
索取号:TU/H454=2
 
预约/预借
| 序号 | 登录号 | 条形码 | 馆藏地/架位号 | 状态 | 备注 |
| 1 | 986460 | 209864609 | 自科二线404/404自科库 3排6列3层/ [索取号:TU/H454=2] | 在馆 | |
| 2 | 986461 | 209864618 | 自科二线404/404自科库 3排1列6层/ [索取号:TU/H454=2] | 在馆 | |
| 3 | 986462 | 209864627 | 自科二线404/404自科库 3排3列2层/ [索取号:TU/H454=2] | 在馆 |